| 000 | 00697nam a22001697a 4500 | ||
|---|---|---|---|
| 999 |
_c61185 _d61185 |
||
| 005 | 20231229105615.0 | ||
| 008 | 231229s1956 ru ||||| |||| 00| 0 rus d | ||
| 041 | _arus | ||
| 080 | _a94(391)+902 Ш-42 | ||
| 100 |
_aШелов, Д. Б. _920924 |
||
| 245 |
_aАнтичный мир в Северном Причерноморье / _cД. Б. Шелов. |
||
| 264 |
_aМ. : _bИздательство Академии наук СССР, _c1956. |
||
| 300 |
_a195 с.: _bил.; _c20 см. |
||
| 653 | _aუძველესი სამყარო ჩრდილოეთ შავი ზღვის რეგიონში | ||
| 653 | _aისტორია | ||
| 942 |
_2udc _cᲬᲘᲒᲜᲘ |
||